000 00403cam a22001217a 4500
008 180718b1989 xxu||||| |||| 00| 0 eng d
082 _aA81x54 In2/81/5/Pt10B/1
100 _aCensus of India 1981
245 _aGujarat: survey report on selected town, Tharad
260 _aDelhi
_bThe Controller of Publications
_c1989
300 _a364+p.
440 _aCensus of India 1981. Series-5, Gujarat. Part-X-B (1)
999 _c482052
_d482052